| 000 | 01181nam a22002537a 4500 | ||
|---|---|---|---|
| 005 | 2011080406576.0 | ||
| 008 | 090728t xxu||||| |||| 00| 0 pun d | ||
| 010 | _aPUN-7151 | ||
| 020 | _c55.00 | ||
| 035 | _aPN-6269 | ||
| 037 | _bDBAD / PUB | ||
| 040 |
_adpl _bpn |
||
| 082 | _a260.33 | ||
| 100 | _924414 | ||
| 245 |
_aਪ੍ਰਾਚੀਨ ਵਾਰਾਂ ਤੇ ਜੰਗ - ਨਾਮ / _bਸ਼ਮਸ਼ੇਰ ਸਿੰਗ ਅਸ਼ੋਕ ਦ੍ਵਾਰਾ ਸੰਪਾਦਿਤ |
||
| 246 |
_aPrachin wara te jang-name _bed by Shamsher Singh Ashok |
||
| 260 |
_aਅੰਮ੍ਰਿਤਸਰ _bਸਿੱਖ ਇਤਿਹਾਸ ਰੀਸਰਚ ਬੋਰਡ (ਸ਼੍ਰੋਮਣੀ ਗੁਰਦੁਆਰਾ ਪ੍ਰਬੰਧਕ ਕਮੇਟੀ) _c2006 |
||
| 270 |
_aS.G.P.C. _bAmritsar _e143002 |
||
| 300 |
_a408p. _c24ਸੇਮੀ. |
||
| 600 | _931401 | ||
| 700 |
_aਸ਼ਮਸ਼ੇਰ ਸਿੰਗ ਅਸ਼ੋਕ _935589 |
||
| 942 |
_2ddc _cPN _h260.33 _mਪ੍ਰਾਚੀਨ |
||
| 999 |
_c57880 _d57880 |
||